000 00469nam a22001817a 4500
008 150521b xxu||||| |||| 00| 0 eng d
020 _a9781428342064
020 _a1428342060
041 0 _aeng
080 _a004.415
100 1 _aBarksdale,
245 1 0 _aAdobe Photoshop CS2 Basics /
_cBarksdale; Morse; Lopez;
260 _aUSA:
_bThomson;
_c2008.
300 _a254 f.:
_bme il.;
_c25 cm.
_e2 CD
650 0 _aSoftware Design
650 0 _aDrawing
942 _2udc
_cBK
999 _c881
_d881